[Event "Kuala Lumpur UM KPT op"]
[Site "Kuala Lumpur"]
[Date "2016.12.17"]
[Round "6"]
[White "Abdul Mois, Muhd Nafis"]
[Black "Phang, Wei Xiang Calvin"]
[Result "1-0"]
[WhiteElo "1306"]
[BlackElo "1228"]
[PlyCount "117"]
[EventDate "2016.12.16"]
[EventType "swiss"]
[EventRounds "9"]
[EventCountry "MAS"]
[SourceTitle "CBM 176 Extra"]
[Source "ChessBase"]
[SourceDate "2017.03.02"]
[SourceVersion "1"]
[SourceVersionDate "2017.03.02"]
[SourceQuality "1"]

1. e4 d5 2. exd5 Qxd5 3. Nc3 Qa5 4. Nf3 c6 5. Bc4 Qc7 6. d3 Bg4 7. h3 Bh5 8. Qe2 Nf6 9. Bd2 Nbd7 10. Qe3 e6 11. g4 Bg6 12. 0-0-0 Nd5 13. Nxd5 cxd5 14. Bxd5 Bc5 15. Qe2 0-0 16. Bb3 e5 17. h4 h6 18. h5 Bh7 19. Bc3 Rae8 20. Nd2 Nf6 21. f3 Rd8 22. Bxe5 Qe7 23. Qe1 Rfe8 24. Bc3 Qc7 25. Qf1 Nd5 26. Bxd5 Rxd5 27. Nb3 Be3+ 28. Kb1 Bf4 29. Qf2 b6 30. Rde1 Rxe1+ 31. Rxe1 Kh8 32. Re8+ Bg8 33. Qe2 Rd8 34. Re4 Bh7 35. Be5 Bxe5 36. Rxe5 f6 37. Re3 b5 38. Qf2 a5 39. Nd4 Qb6 40. Nb3 a4 41. Re8+ Rxe8 42. Qxb6 axb3 43. axb3 Re1+ 44. Ka2 Rf1 45. Qxb5 Rxf3 46. Qe8+ Bg8 47. Qe2 Rf4 48. c4 Bf7 49. b4 g6 50. b5 gxh5 51. gxh5 Rh4 52. Qf2 Rxh5 53. Qxf6+ Kg8 54. b6 Ra5+ 55. Kb1 Ra6 56. Qxh6 Be8 57. Qg5+ Kf8 58. b7 Rb6 59. Qc5+ 1-0